Eastern Utah Libraries Catalog: Duchesne, Heber, Roosevelt, & Vernal

Moon song / (Record no. 413428)

MARC details
000 -LEADER
fixed length control field 02469pam a2200601 i 4500
001 - CONTROL NUMBER
control field 3513906
005 - DATE AND TIME OF LATEST TRANSACTION
control field 20251107142754.0
008 - FIXED-LENGTH DATA ELEMENTS--GENERAL INFORMATION
fixed length control field 240913s2025 nyua b 000 1 eng
010 ## - LIBRARY OF CONGRESS CONTROL NUMBER
LC control number 2024038490
020 ## - INTERNATIONAL STANDARD BOOK NUMBER
International Standard Book Number 9780316461634
Qualifying information (hardcover) :
Terms of availability $18.99
020 ## - INTERNATIONAL STANDARD BOOK NUMBER
International Standard Book Number 0316461636 :
Terms of availability $18.99
035 ## - SYSTEM CONTROL NUMBER
System control number (OCoLC)1456362162
035 ## - SYSTEM CONTROL NUMBER
System control number (OCoLC)on1456362162
040 ## - CATALOGING SOURCE
Original cataloging agency DLC
Language of cataloging eng
Description conventions rda
Transcribing agency DLC
042 ## - AUTHENTICATION CODE
Authentication code pcc
-- cyac
043 ## - GEOGRAPHIC AREA CODE
Geographic area code n------
050 00 - LIBRARY OF CONGRESS CALL NUMBER
Classification number PZ7.1.G614
Item number Mo 2025
082 00 - DEWEY DECIMAL CLASSIFICATION NUMBER
Classification number [E]
Edition number 23
092 ## - LOCALLY ASSIGNED DEWEY CALL NUMBER (OCLC)
Classification number children picture book
Item number Goade
100 1# - MAIN ENTRY--PERSONAL NAME
Personal name Goade, Michaela,
Relator term author,
-- illustrator.
9 (RLIN) 6383669
245 10 - TITLE STATEMENT
Title Moon song /
Statement of responsibility, etc Michaela Goade.
250 ## - EDITION STATEMENT
Edition statement First edition.
264 #1 - Production, Publication, Distribution, Manufacture, and Copyright Notice.
Place of production, publication, distribution, manufacture New York :
Name of producer, publisher, distributor, manufacturer Little, Brown and Company,
Date of production, publication, distribution, manufacture, or copyr 2025.
300 ## - PHYSICAL DESCRIPTION
Extent 1 volume (unpaged) :
Other physical details color illustrations ;
Dimensions 31 cm
336 ## - Content Type
Content type term text
336 ## - Content Type
Content type term still image
337 ## - Media type
Media type term unmediated
338 ## - Carrier type
Carrier type term volume
520 ## - SUMMARY, ETC.
Summary, etc A young Tlingit girl comforts her cousin, who is afraid of the dark, by singing a song of moonlight and the ocean.
521 1# - TARGET AUDIENCE NOTE
Target audience note 3-8
Source Brodart.
521 2# - TARGET AUDIENCE NOTE
Target audience note P-3
Source Brodart.
650 #0 - SUBJECT ADDED ENTRY--TOPICAL TERM
Topical term or geographic name as entry element Light and darkness
Form subdivision Juvenile fiction.
9 (RLIN) 6358110
650 #0 - SUBJECT ADDED ENTRY--TOPICAL TERM
Topical term or geographic name as entry element Tlingit Indians
Form subdivision Juvenile fiction.
9 (RLIN) 6555442
650 #0 - SUBJECT ADDED ENTRY--TOPICAL TERM
Topical term or geographic name as entry element Indians of North America
Form subdivision Juvenile fiction.
9 (RLIN) 5694006
650 #1 - SUBJECT ADDED ENTRY--TOPICAL TERM
Topical term or geographic name as entry element Light and darkness
Form subdivision Fiction.
9 (RLIN) 6358111
650 #1 - SUBJECT ADDED ENTRY--TOPICAL TERM
Topical term or geographic name as entry element Tlingit Indians
Form subdivision Fiction.
9 (RLIN) 6452851
650 #1 - SUBJECT ADDED ENTRY--TOPICAL TERM
Topical term or geographic name as entry element Indians of North America
Form subdivision Fiction.
9 (RLIN) 5681946
650 #1 - SUBJECT ADDED ENTRY--TOPICAL TERM
Topical term or geographic name as entry element Picture books.
650 #7 - SUBJECT ADDED ENTRY--TOPICAL TERM
Topical term or geographic name as entry element JUVENILE FICTION / Indigenous / Teachings.
Source of heading or term bisacsh
9 (RLIN) 6494955
650 #7 - SUBJECT ADDED ENTRY--TOPICAL TERM
Topical term or geographic name as entry element JUVENILE FICTION / Family.
Source of heading or term bisacsh
9 (RLIN) 5732372
650 #7 - SUBJECT ADDED ENTRY--TOPICAL TERM
Topical term or geographic name as entry element JUVENILE FICTION / Science & Nature.
Source of heading or term bisacsh
9 (RLIN) 5791786
650 #7 - SUBJECT ADDED ENTRY--TOPICAL TERM
Topical term or geographic name as entry element JUVENILE FICTION / Native American.
Source of heading or term bisacsh
9 (RLIN) 6536771
655 #7 - INDEX TERM--GENRE/FORM
Genre/form data or focus term Picture books.
Source of term lcgft
942 ## - ADDED ENTRY ELEMENTS (KOHA)
Source of classification or shelving scheme Dewey Decimal Classification
Koha item type BOOK
Holdings
Withdrawn status Lost status Source of classification or shelving scheme Damaged status Not for loan Collection code Home library Current library Shelving location Date acquired Source of acquisition Total Checkouts Total Renewals Full call number Barcode Date last seen Date checked out Cost, replacement price Price effective from Koha item type
    Dewey Decimal Classification     Children Picture Books Wasatch County Library Wasatch County Library Main Floor Childrens Area 11/07/2025 Amazon 4 2 E Goade 34301002172387 02/23/2026 01/28/2026 18.99 11/07/2025 BOOK
This project was made possible through a grant from the Institute of Museum and Library Service administered by the Utah State Library Division.

Wasatch County Library

  • 465 East 1200 South, Heber City, Utah 84032
  • Phone 435-654-1511 | Fax 435-654-6456

Hours

  • Monday - Friday 9:30 AM - 8:00 PM
  • Saturday 9:30 AM - 1:30 PM
  • Closed Sundays and Holidays